| 000 | 01185cam a22002897a 4500 | ||
|---|---|---|---|
| 999 |
_c12610 _d12610 |
||
| 003 | EG-ScBUE | ||
| 005 | 20191228114147.0 | ||
| 008 | 090818s2004 ua f 000 0 ara d | ||
| 020 | _a9770192570 | ||
| 040 |
_aEG-ScBUE _bara _erda _cEG-ScBUE _dEG-ScBUE |
||
| 043 |
_an-us--- _ama----- |
||
| 082 | 0 | 4 |
_a327.73056 _bي س ي _222 |
| 100 | 1 |
_4يسين، السيد، _eمؤلف. |
|
| 245 | 1 | 2 |
_aالإمبراطورية الكونية : _bالصراع ضد الهيمنة الأمريكية / _cالسيد يسين. |
| 264 | 1 |
_a[القاهرة] : _bنهضة مصر للطباعة والنشر والتوزيع، _c2004. |
|
| 300 |
_a319 صفحة ؛ _c20 سم. |
||
| 336 |
_2rdacontent _aنص _btxt |
||
| 337 |
_2rdamedia _aبدون وسيط _bn |
||
| 338 |
_2rdacarrier _aمجلد _bnc |
||
| 490 | 0 |
_aسلسلة الأعمال الفكرية ؛ _v10 |
|
| 590 | _aاسماء محمد | ||
| 651 | 7 |
_aالولايات المتحدة _xعلاقات دولية _zالبلدان العربية. _2BUEsh |
|
| 651 | 7 |
_aالبلدان العربية _xعلاقات دولية _zالولايات المتحدة. _2BUEsh |
|
| 653 |
_bGGEN _cDecember2019 |
||
| 655 | _vReading book | ||
| 942 |
_2ddc _cBB |
||